[Event "Lichtenberger Sommer 2016"]
[Site "?"]
[Date "2016.08.15"]
[Round "3.26"]
[White "Schnabel, Ralf"]
[Black "Guenther, Thomas"]
[Result "1-0"]
[WhiteElo "2235"]
[BlackElo "2044"]
[PlyCount "69"]
[EventDate "2016.??.??"]
[WhiteTeam "ESV Nickelhütte Aue"]
[BlackTeam "SV Senat (FV Schach)"]

1. e4 c5 2. Nf3 Nc6 3. d4 cxd4 4. Nxd4 Qb6 5. Nb3 Nf6 6. Nc3 e6 7. Qe2 d6 8. g4
h6 9. Be3 Qc7 10. O-O-O a6 11. h4 b5 12. Bh3 Bb7 13. g5 Nd7 14. g6 Nde5 15.
gxf7+ Qxf7 16. Kb1 O-O-O 17. a4 b4 18. Nd5 Kb8 19. Nf4 Bc8 20. Nd4 Re8 21. h5
Nxd4 22. Rxd4 Qb7 23. Rg1 Nc6 24. Rdd1 Ne5 25. b3 Bd7 26. Ng6 Nxg6 27. Rxg6 Bc8
28. f4 Qc7 29. Qd2 Qb7 30. Bg2 e5 31. fxe5 Rxe5 32. Bf4 Re6 33. e5 Qb6 34. Rxe6
Bxe6 35. exd6 1-0

[Event "Lichtenberger Sommer 2016"]
[Site "?"]
[Date "2016.08.15"]
[Round "3.27"]
[White "Kötz, Andreas"]
[Black "Vogel, Robert"]
[Result "1/2-1/2"]
[WhiteElo "2027"]
[BlackElo "2215"]
[PlyCount "143"]
[EventDate "2016.??.??"]
[WhiteTeam "SC Zitadelle Spandau"]
[BlackTeam "SG Pang-Rosenheim"]

1. c4 g6 2. Nc3 Bg7 3. d4 c5 4. Nf3 cxd4 5. Nxd4 Nc6 6. Nc2 b6 7. e4 Bb7 8. f3
Rc8 9. Be3 f5 10. exf5 gxf5 11. Nd4 Nxd4 12. Bxd4 e5 13. Bf2 Ne7 14. Bh4 a6 15.
Nd5 Bxd5 16. cxd5 b5 17. Qd2 Qb6 18. Rd1 Bh6 19. Bg5 Bxg5 20. Qxg5 Rc2 21. Be2
Rg8 22. Qh5+ Qg6 23. Qxg6+ Rxg6 24. g3 Rxb2 25. f4 Rd6 26. Bh5+ Kd8 27. fxe5
Rxd5 28. Rxd5 Nxd5 29. O-O Ne7 30. g4 fxg4 31. Bxg4 Ng6 32. e6 dxe6 33. Bxe6
Ke7 34. Bb3 Ne5 35. Rf2 Rxf2 36. Kxf2 Kf6 37. h3 Nc6 38. Ke3 Ke5 39. Kd3 h6 40.
Bf7 Ne7 41. Kc3 Nd5+ 42. Kb3 Kd4 43. a3 a5 44. Be8 Kc5 45. Bd7 Nb6 46. Be8 a4+
47. Ka2 Nd5 48. Kb2 Kc4 49. Bf7 Kd4 50. Be8 Kc5 51. Bd7 Nb6 52. Be8 b4 53.
axb4+ Kxb4 54. Ka2 a3 55. Bf7 Na4 56. Ka1 Nc3 57. Be6 Kc5 58. Bg8 Kd4 59. Bf7
Ke3 60. Be6 Kf3 61. Bd7 Kg3 62. Bg4 Ne4 63. Ka2 Nf2 64. Bh5 Nxh3 65. Kxa3 Nf4
66. Bf7 Kh4 67. Kb3 Kg5 68. Kc2 Ng6 69. Kd2 h5 70. Ke3 h4 71. Bxg6 Kxg6 72. Kf3
1/2-1/2

[Event "Lichtenberger Sommer 2016"]
[Site "?"]
[Date "2016.08.15"]
[Round "3.28"]
[White "Simon, Ralf-Axel"]
[Black "Shapiro, Yosip"]
[Result "1-0"]
[WhiteElo "2162"]
[BlackElo "2090"]
[PlyCount "149"]
[EventDate "2016.??.??"]
[WhiteTeam "TSG Neuruppin"]
[BlackTeam "SV Berolina Mitte"]

1. Nf3 d5 2. d4 c6 3. c4 Nf6 4. e3 Bf5 5. Nc3 e6 6. Nh4 Be4 7. f3 Bg6 8. g3 Bh5
9. Qb3 b6 10. cxd5 Nxd5 11. Be2 Be7 12. Ng2 f6 13. e4 Nc7 14. Be3 Bf7 15. Rd1
O-O 16. O-O Nd7 17. Qa4 b5 18. Qc2 a5 19. Rd2 Qb8 20. Rc1 Rc8 21. Qd1 Nb6 22.
Nb1 Qb7 23. Bf2 a4 24. Ne3 Rd8 25. Qf1 b4 26. Rdc2 Be8 27. Nd2 Rac8 28. b3 Nb5
29. Bxb5 cxb5 30. Nd1 Rxc2 31. Rxc2 Rc8 32. Qd3 Na8 33. Ne3 Rc7 34. d5 Rd7 35.
Qf1 Nc7 36. dxe6 Nxe6 37. Nd5 Bf8 38. Nb6 Rc7 39. Qc1 Rxc2 40. Qxc2 Ng5 41. Kg2
a3 42. Nd5 Bc6 43. Bc5 Bxd5 44. Bxf8 Bxe4 45. Nxe4 Nxe4 46. Bxb4 Ng5 47. Qd3
Qc8 48. Kf2 Qb7 49. h4 Ne6 50. Bxa3 Kf7 51. Qd6 h5 52. Bc5 g5 53. hxg5 Nxg5 54.
Qd3 Qc7 55. Qd5+ Ne6 56. Qxh5+ Kg7 57. b4 Qd7 58. Be3 Qd3 59. Qg4+ Kf7 60. Qe4
Qa3 61. Qb7+ Kg6 62. Qxb5 Qxa2+ 63. Qe2 Qb1 64. b5 Nc7 65. b6 Nd5 66. Bc5 Kf7
67. Qc4 Qd1 68. Bd4 Qd2+ 69. Kg1 Qd1+ 70. Kg2 Qd2+ 71. Bf2 Ke7 72. Qc5+ Ke6 73.
b7 Qb2 74. Qc6+ Ke5 75. Qe8+ 1-0

[Event "Lichtenberger Sommer 2016"]
[Site "?"]
[Date "2016.08.15"]
[Round "3.29"]
[White "Jaeschke, Jens-Uwe"]
[Black "Nofal, Jameel"]
[Result "1-0"]
[WhiteElo "2144"]
[BlackElo "1900"]
[PlyCount "115"]
[EventDate "2016.??.??"]
[WhiteTeam "SF Nordost Berlin"]
[BlackTeam "vereinslos"]

1. Nf3 Nf6 2. d4 e6 3. c4 Bb4+ 4. Nc3 c5 5. e3 O-O 6. Bd3 Nc6 7. O-O Bxc3 8.
bxc3 d6 9. e4 e5 10. d5 Na5 11. Nd2 b6 12. Nb3 Nb7 13. f4 exf4 14. Rxf4 g5 15.
Rf1 Ng4 16. Nd2 Ne3 17. Qh5 Nxf1 18. e5 f5 19. exf6 Rf7 20. Nxf1 Qxf6 21. Bxg5
Qxc3 22. Rd1 Bd7 23. h4 Re8 24. Ne3 Qe5 25. Kh1 Qg3 26. Qh6 Na5 27. Be2 Rg7 28.
Bf4 Qg6 29. Bh5 Qxh6 30. Bxh6 Rg6 31. Bxg6 hxg6 32. Rf1 Re4 33. Rf8+ Kh7 34.
Bg5 Bf5 35. Nxf5 gxf5 36. Rxf5 Nxc4 37. Rf7+ Kg6 38. Rxa7 b5 39. Re7 Rd4 40.
Re6+ Kf5 41. Rf6+ Kg4 42. Kh2 Rxd5 43. Rf4+ Kh5 44. Kh3 Rd3+ 45. g3 Ne5 46. Rf6
Ng4 47. Rf5 Nh6 48. Rf8 Kg6 49. Rf6+ Kg7 50. Rxh6 c4 51. Re6 c3 52. h5 c2 53.
Re7+ Kg8 54. Rc7 Rd5 55. Kg4 Rd4+ 56. Kf5 Rc4 57. Rxc4 bxc4 58. Ke6 1-0

[Event "Lichtenberger Sommer 2016"]
[Site "?"]
[Date "2016.08.15"]
[Round "3.30"]
[White "Böhm, Jürgen"]
[Black "Bauder, Herbert"]
[Result "1/2-1/2"]
[WhiteElo "2168"]
[BlackElo "1924"]
[PlyCount "30"]
[EventDate "2016.??.??"]
[WhiteTeam "SF Brackel"]
[BlackTeam "Lasker Steglitz-Wilmersdorf"]

1. d4 Nf6 2. Bg5 c5 3. Nc3 Qa5 4. Bxf6 gxf6 5. e3 cxd4 6. exd4 Bg7 7. Nge2 f5
8. g3 Nc6 9. Bg2 O-O 10. O-O e6 11. a3 d5 12. Qd2 b5 13. Rfd1 Qb6 14. Qf4 Bd7
15. Rd2 Rac8 1/2-1/2

[Event "Lichtenberger Sommer 2016"]
[Site "?"]
[Date "2016.08.15"]
[Round "3.31"]
[White "Oginski, Ulrich"]
[Black "Moser, Axel"]
[Result "0-1"]
[WhiteElo "1769"]
[BlackElo "2137"]
[PlyCount "76"]
[EventDate "2016.??.??"]
[WhiteTeam "SC Weisse Dame (Berlin)"]
[BlackTeam "SK Handschuhsheim"]

1. c4 f5 2. Nc3 Nf6 3. g3 d6 4. Bg2 e5 5. d3 Be7 6. Nf3 O-O 7. O-O Nc6 8. Rb1
Qe8 9. e3 Qh5 10. Nd2 Qh6 11. Re1 Kh8 12. b4 Nd8 13. d4 Nf7 14. Nd5 Bd8 15.
Nxf6 Bxf6 16. Nf1 Ng5 17. h4 Ne4 18. Bb2 g5 19. f3 Nxg3 20. Nxg3 gxh4 21. dxe5
dxe5 22. Nh1 h3 23. Bf1 h2+ 24. Kf2 Qh4+ 25. Ke2 Be6 26. Qc1 Bxc4+ 27. Kd2
Rad8+ 28. Kc2 Bxf1 29. Rxf1 Qc4+ 30. Bc3 e4 31. Rb3 Rd3 32. Kb2 Rxc3 33. Rxc3
Qxb4+ 34. Kc2 Qxc3+ 35. Kd1 Qd3+ 36. Ke1 Rg8 37. Qxc7 Bh4+ 38. Nf2 Bxf2+ 0-1

[Event "Lichtenberger Sommer 2016"]
[Site "?"]
[Date "2016.08.15"]
[Round "3.32"]
[White "Gallien, Fabian"]
[Black "Thesing, Ansgar"]
[Result "1-0"]
[WhiteElo "2146"]
[BlackElo "1987"]
[PlyCount "80"]
[EventDate "2016.??.??"]
[WhiteTeam "SW Lichtenrade"]
[BlackTeam "SC Kreuzberg"]

1. d4 g6 2. e4 d6 3. Be3 Bg7 4. Nc3 c6 5. Qd2 Nd7 6. f4 e5 7. Nf3 exf4 8. Bxf4
Ndf6 9. Bd3 Nh5 10. Be3 Ngf6 11. Bh6 Bxh6 12. Qxh6 Qb6 13. O-O-O Bg4 14. e5 Ng8
15. Qg5 Bxf3 16. gxf3 Qd8 17. Qd2 d5 18. Ne2 Ne7 19. Kb1 Ng7 20. Ng3 Ne6 21. c3
Qd7 22. f4 Ng7 23. c4 dxc4 24. Bxc4 Nd5 25. Ne4 Qf5 26. Bd3 Qxf4 27. Nd6+ Ke7
28. Rhf1 Qxd2 29. Rxf7+ Ke6 30. Rxd2 Ne8 31. Rxb7 Nxd6 32. exd6 Kxd6 33. Rf2
Rhb8 34. Rxh7 Rb4 35. a3 Rxd4 36. Bxg6 Rd1+ 37. Ka2 Rg8 38. Rh6 Kc5 39. Rc2+
Kb5 40. Bh5 Rg5 1-0

[Event "Lichtenberger Sommer 2016"]
[Site "?"]
[Date "2016.08.15"]
[Round "3.33"]
[White "Eisheh, Jens-Tarek"]
[Black "Pluska, Alexander"]
[Result "0-1"]
[WhiteElo "1828"]
[BlackElo "2116"]
[PlyCount "120"]
[EventDate "2016.??.??"]
[WhiteTeam "Lübecker SV"]
[BlackTeam "SK Doppelbauer Kiel"]

1. e4 c5 2. Nc3 g6 3. f4 Bg7 4. Nf3 a6 5. a4 Nc6 6. Bc4 d6 7. O-O e6 8. d3 Nge7
9. Qe1 Nd4 10. Nxd4 cxd4 11. Nd1 O-O 12. Bd2 Qc7 13. a5 Kh8 14. b4 d5 15. Bb3
dxe4 16. dxe4 e5 17. fxe5 Be6 18. Rc1 Nc6 19. Bd5 Bxe5 20. c4 Bxh2+ 21. Kh1 Bg3
22. Qe2 Qe7 23. Nf2 Qh4+ 24. Nh3 d3 25. Bc3+ Kg8 26. Qd2 Bxh3 27. gxh3 Qxh3+
28. Kg1 Be5 29. Qf2 Qg4+ 30. Kh1 Qh5+ 31. Kg2 Qg5+ 32. Kh1 Bxc3 33. Rxc3 Ne5
34. Rg1 Qh5+ 35. Kg2 Qg4+ 36. Kf1 d2 37. Qxd2 Qh4 38. Qg2 Kg7 39. Rh3 Qf4+ 40.
Qf2 Qxf2+ 41. Kxf2 Nc6 42. Rgh1 h5 43. b5 axb5 44. cxb5 Nb4 45. Ra3 Nxd5 46.
exd5 Kf6 47. Ke3 Ke5 48. Rd1 Rfd8 49. b6 Rxd5 50. Rxd5+ Kxd5 51. Kf4 f6 52. a6
Kc6 53. axb7 Kxb7 54. Re3 Ra4+ 55. Kf3 Ra6 56. Re7+ Kxb6 57. Rg7 g5 58. Rh7 h4
59. Ke4 Kc5 60. Kf5 Kd4 0-1

[Event "Lichtenberger Sommer 2016"]
[Site "?"]
[Date "2016.08.15"]
[Round "3.34"]
[White "Kapp, Martin"]
[Black "Baranowsky, Peter"]
[Result "1-0"]
[WhiteElo "2305"]
[BlackElo "1923"]
[PlyCount "67"]
[EventDate "2016.??.??"]
[WhiteTeam "ESV Lok Raw Cottbus"]
[BlackTeam "SF 1903 Berlin"]

1. d4 Nf6 2. c4 c5 3. d5 b5 4. cxb5 a6 5. bxa6 Bxa6 6. Nc3 g6 7. g3 Bg7 8. Bg2
d6 9. Nf3 O-O 10. O-O Ra7 11. Qc2 Nbd7 12. Rd1 Qc7 13. h3 Rb8 14. Rb1 h6 15.
Bd2 Bc4 16. Qc1 Kh7 17. b3 Bxd5 18. Ng5+ hxg5 19. Bxd5 Nxd5 20. Nxd5 Qd8 21. a4
f6 22. Kg2 e6 23. Nc3 d5 24. f3 Qe7 25. Qc2 f5 26. Nb5 Rab7 27. h4 Bf6 28. hxg5
Bxg5 29. Rh1+ Kg8 30. Qc1 Bf6 31. Bf4 e5 32. Be3 d4 33. Qc4+ Kg7 34. Bh6+ 1-0

[Event "Lichtenberger Sommer 2016"]
[Site "?"]
[Date "2016.08.15"]
[Round "3.35"]
[White "Rehberg, Raphael"]
[Black "Junge, Wolfgang"]
[Result "1-0"]
[WhiteElo "2248"]
[BlackElo "1875"]
[PlyCount "45"]
[EventDate "2016.??.??"]
[WhiteTeam "SG Lok Brandenburg"]
[BlackTeam "SC Friesen Lichtenberg"]

1. e4 e5 2. Bc4 Nf6 3. d3 Be7 4. Nf3 Nc6 5. c3 O-O 6. Nbd2 d6 7. Bb3 Bg4 8. h3
Bh5 9. Qe2 Qd7 10. Nf1 h6 11. g4 Bg6 12. Ng3 Nd8 13. Nh4 Ne6 14. Bd2 Bh7 15.
Nhf5 c6 16. O-O-O Rfd8 17. h4 Bxf5 18. Nxf5 Nh7 19. g5 hxg5 20. Rdg1 g6 21.
hxg5 Bxg5 22. Bxe6 Bxd2+ 23. Qxd2 1-0

[Event "Lichtenberger Sommer 2016"]
[Site "?"]
[Date "2016.08.15"]
[Round "3.36"]
[White "Dimitrijeski, Kristian"]
[Black "Körner, Helmut"]
[Result "1-0"]
[WhiteElo "2212"]
[BlackElo "1870"]
[PlyCount "89"]
[EventDate "2016.??.??"]
[WhiteTeam "SK König Tegel"]
[BlackTeam "SF Nordost Berlin"]

1. d4 Nf6 2. c4 d6 3. Nf3 Nbd7 4. Nc3 e5 5. d5 Be7 6. e4 O-O 7. Be2 a5 8. O-O
Nc5 9. Qc2 Ne8 10. Be3 b6 11. a3 f5 12. b4 Nxe4 13. Nxe4 fxe4 14. Nd2 Nf6 15.
Rfe1 Qe8 16. Nxe4 Nxe4 17. Qxe4 Bf5 18. Qf3 Qd7 19. Bd2 e4 20. Qb3 Bf6 21. Bc3
Qe7 22. Bf1 Bxc3 23. Qxc3 Qg5 24. g3 Bg6 25. Bg2 Qf5 26. Re2 axb4 27. axb4
Rxa1+ 28. Qxa1 e3 29. fxe3 Qd3 30. Qe1 Qxc4 31. Qd2 Ra8 32. h3 Ra1+ 33. Kh2 Rb1
34. e4 Qxb4 35. Qg5 Qc5 36. Qd8+ Kf7 37. Qd7+ Kf8 38. Qd8+ Kf7 39. g4 Rc1 40.
Qd7+ Kf8 41. e5 dxe5 42. Qc8+ Kf7 43. Rxe5 Qd6 44. Qe8+ Kf6 45. g5# 1-0

[Event "Lichtenberger Sommer 2016"]
[Site "?"]
[Date "2016.08.15"]
[Round "3.37"]
[White "Acikel, Mert"]
[Black "Kohler, Thomas"]
[Result "0-1"]
[WhiteElo "1820"]
[BlackElo "2184"]
[PlyCount "76"]
[EventDate "2016.??.??"]
[WhiteTeam "SK König Tegel"]
[BlackTeam "SC Zitadelle Spandau"]

1. e4 c5 2. Nf3 e6 3. d4 cxd4 4. Nxd4 a6 5. Nc3 Qc7 6. Be2 Nf6 7. a3 d6 8. Be3
Nbd7 9. O-O b6 10. f4 Bb7 11. Bf3 Be7 12. Qe2 O-O 13. Kh1 Rfe8 14. Bg1 e5 15.
fxe5 Nxe5 16. Rae1 Rac8 17. Nf5 Bf8 18. Qf2 b5 19. Qg3 g6 20. Bd4 Kh8 21. Ne3
Bg7 22. Rd1 Bc6 23. Ned5 Nxd5 24. exd5 Bd7 25. Ne4 Bf5 26. c3 Bxe4 27. Bxe4 Nc4
28. Bxg7+ Kxg7 29. Bf5 Re3 30. Qg4 Rce8 31. b3 Ne5 32. Qg5 Rxc3 33. Bh3 Qe7 34.
Qf4 Rxb3 35. Rde1 Rxa3 36. Rxe5 dxe5 37. Qf2 Rd3 38. Qa2 Qb7 0-1

[Event "Lichtenberger Sommer 2016"]
[Site "?"]
[Date "2016.08.15"]
[Round "3.38"]
[White "Kling, Maximilian"]
[Black "Möller, Dustin"]
[Result "0-1"]
[WhiteElo "1804"]
[BlackElo "1985"]
[PlyCount "62"]
[EventDate "2016.??.??"]
[WhiteTeam "SK Kriegshaber"]
[BlackTeam "Eckernförder SC"]

1. e4 e6 2. d3 d5 3. Nd2 c5 4. g3 Nc6 5. Bg2 g6 6. Ngf3 Bg7 7. O-O Nf6 8. Re1
O-O 9. c3 a5 10. Qe2 d4 11. c4 e5 12. Nf1 a4 13. Nh4 Re8 14. h3 Bd7 15. Nh2 b5
16. cxb5 Na5 17. Rf1 Bxb5 18. f4 Nh5 19. Nf5 exf4 20. g4 gxf5 21. gxh5 fxe4 22.
Rxf4 Bxd3 23. Qg4 Ra6 24. h6 Rxh6 25. Qf5 Qe7 26. Ng4 Rg6 27. Bd2 Nc4 28. Be1
Rg5 29. Nf6+ Bxf6 30. Qxf6 Qxf6 31. Rxf6 Ne3 0-1

[Event "Lichtenberger Sommer 2016"]
[Site "?"]
[Date "2016.08.15"]
[Round "3.40"]
[White "Kautz, Stefan"]
[Black "Neumann, Thomas"]
[Result "0-1"]
[WhiteElo "1935"]
[BlackElo "2151"]
[PlyCount "32"]
[EventDate "2016.??.??"]
[WhiteTeam "SC Empor Maulwurf Bonn"]
[BlackTeam "Borussia Friedrichsfelde"]

1. d4 d5 2. Bf4 e6 3. e3 c5 4. dxc5 Bxc5 5. c3 Nf6 6. Bd3 Nc6 7. Nf3 Qe7 8. Ne5
Nd7 9. Nxd7 Bxd7 10. O-O e5 11. Bg3 O-O 12. Nd2 f5 13. h3 Be6 14. b4 Bd6 15.
Nb3 Qg5 16. h4 Qf6 0-1

[Event "Lichtenberger Sommer 2016"]
[Site "?"]
[Date "2016.08.15"]
[Round "3.41"]
[White "Wirth, Heinz"]
[Black "Hoffbauer, Joerg"]
[Result "1/2-1/2"]
[WhiteElo "1996"]
[BlackElo "1765"]
[PlyCount "98"]
[EventDate "2016.??.??"]
[WhiteTeam "SC Weisse Dame (Berlin)"]
[BlackTeam "BSG Bund (FV Schach)"]

1. e4 c5 2. Nf3 Nc6 3. Bb5 e6 4. O-O g6 5. Re1 Bg7 6. c3 Qa5 7. Na3 a6 8. Bf1
b5 9. Nc2 Nge7 10. a4 bxa4 11. Ne3 Qb6 12. Nc4 Qc7 13. e5 O-O 14. d4 cxd4 15.
cxd4 a5 16. Rxa4 Ba6 17. Bd2 Bb5 18. Ra3 Bxc4 19. Bxc4 Nxd4 20. Nxd4 Qxc4 21.
Bxa5 Rfc8 22. Rc3 Qd5 23. Bc7 Rxc7 24. Rxc7 Bxe5 25. Rxe5 Qxe5 26. Rxd7 Nd5 27.
g3 Qb8 28. Qf3 Qe8 29. Rb7 Rb8 30. Qb3 Rxb7 31. Qxb7 Qa4 32. Qb8+ Kg7 33. Qe5+
Kg8 34. Kg2 Qa8 35. Kh3 Qb7 36. b3 h6 37. Qd6 Kg7 38. Qe5+ Nf6 39. g4 Qh1 40.
f3 Qf1+ 41. Kg3 Qg1+ 42. Kh3 g5 43. Nc6 Qc1 44. Ne7 Qd2 45. Ng8 Kxg8 46. Qxf6
Qd1 47. Qc3 Qf1+ 48. Kg3 Qg1+ 49. Kh3 Qf1+ 1/2-1/2

[Event "Lichtenberger Sommer 2016"]
[Site "?"]
[Date "2016.08.15"]
[Round "3.42"]
[White "Bonke, Hans-Jürgen"]
[Black "Hahlbohm, Matthias"]
[Result "1/2-1/2"]
[WhiteElo "1893"]
[BlackElo "2101"]
[PlyCount "104"]
[EventDate "2016.??.??"]
[WhiteTeam "SC Kreuzberg"]
[BlackTeam "TSG Oberschöneweide"]

1. d4 e6 2. Bf4 d5 3. e3 Bd6 4. Bg3 Bxg3 5. hxg3 f5 6. Be2 g6 7. g4 Nf6 8. gxf5
exf5 9. Nf3 Nbd7 10. c4 c6 11. Nc3 Qe7 12. Qb3 Nb6 13. Ne5 O-O 14. c5 Nbd7 15.
f4 Kg7 16. O-O-O Qe6 17. Rh3 b6 18. Rdh1 bxc5 19. g4 Rh8 20. gxf5 Qxf5 21. Nxc6
Qe6 22. Ne5 Rb8 23. Qc2 Qe8 24. Rg3 Ne4 25. Nxe4 dxe4 26. Nxd7 Bxd7 27. dxc5
Qe7 28. Qc3+ Qf6 29. Qxf6+ Kxf6 30. Rd1 Be6 31. Rd6 Ke7 32. a3 Rb7 33. b4 a5
34. Rd4 axb4 35. axb4 Bf5 36. Bg4 Bxg4 37. Rxg4 Kf6 38. Rg5 Rhb8 39. Rxe4 Rxb4
40. Rxb4 Rxb4 41. Kd2 Rc4 42. Kd3 Rc1 43. Kd4 h6 44. Rg2 h5 45. Kd5 Rd1+ 46.
Ke4 Rc1 47. Rg5 Rc2 48. Kf3 Rc3 49. Rd5 Rc1 50. Kg3 Rg1+ 51. Kf2 Rc1 52. Kg3
Rg1+ 1/2-1/2

[Event "Lichtenberger Sommer 2016"]
[Site "?"]
[Date "2016.08.15"]
[Round "3.43"]
[White "Rüegsegger, Beat"]
[Black "Woinowski, Michael"]
[Result "1-0"]
[WhiteElo "2011"]
[BlackElo "1734"]
[PlyCount "35"]
[EventDate "2016.??.??"]
[WhiteTeam "Trubschachen"]
[BlackTeam "SC Kreuzberg"]

1. e4 e5 2. Nf3 Nc6 3. Bc4 Bc5 4. c3 Nf6 5. d4 exd4 6. e5 d5 7. Bb5 Ne4 8. Nxd4
Bxd4 9. cxd4 Ng5 10. O-O a6 11. Ba4 Bf5 12. Nc3 Ne6 13. Be3 O-O 14. g4 Bg6 15.
f4 f5 16. exf6 Nexd4 17. fxg7 Rf7 18. Bxd4 1-0

[Event "Lichtenberger Sommer 2016"]
[Site "?"]
[Date "2016.08.15"]
[Round "3.44"]
[White "Ritter, Uwe"]
[Black "Poseck, Steffen"]
[Result "1-0"]
[WhiteElo "1928"]
[BlackElo "2039"]
[PlyCount "63"]
[EventDate "2016.??.??"]
[WhiteTeam "Reideburger SV"]
[BlackTeam "BSV 63 Chemie Weißensee"]

1. f4 f5 2. e4 fxe4 3. d3 exd3 4. Bxd3 Nf6 5. Nf3 e6 6. Ng5 g6 7. Nxh7 Nxh7 8.
Bxg6+ Ke7 9. Qh5 Bg7 10. Bxh7 Qf8 11. f5 e5 12. Bg5+ Bf6 13. Nc3 Bxg5 14. Qxg5+
Kd6 15. Qd2+ Ke7 16. Nd5+ Kd6 17. Bg6 Rh4 18. c3 Kc6 19. Nb4+ Kb5 20. Qe2+ Ka5
21. Nd5 c5 22. Nc7 a6 23. Nxa8 b5 24. a3 c4 25. g3 Bb7 26. gxh4 Bxh1 27. Nc7
Qh6 28. Qxe5 Qxh4+ 29. Qg3 Qe4+ 30. Kd2 Bf3 31. Re1 Qd3+ 32. Kc1 1-0

[Event "Lichtenberger Sommer 2016"]
[Site "?"]
[Date "2016.08.15"]
[Round "3.45"]
[White "Mai, Andreas"]
[Black "Krüger, Ekkehard"]
[Result "1-0"]
[WhiteElo "2014"]
[BlackElo "1818"]
[PlyCount "83"]
[EventDate "2016.??.??"]
[WhiteTeam "SC Friesen Lichtenberg"]
[BlackTeam "Narva Berlin"]

1. e4 e5 2. Bc4 Nf6 3. d3 Nc6 4. Ne2 Na5 5. Bb3 Nxb3 6. axb3 d5 7. exd5 Qxd5 8.
O-O Be6 9. Nbc3 Qc6 10. Be3 a6 11. Ng3 Bb4 12. Nce4 Nxe4 13. dxe4 Bc5 14. Bxc5
Qxc5 15. Nh5 O-O 16. Qe2 Rad8 17. Rad1 Rd4 18. Rxd4 Qxd4 19. c3 Qb6 20. b4 Bb3
21. Qd3 Qe6 22. Qe3 f6 23. f4 Qg4 24. Ng3 exf4 25. Rxf4 Qd1+ 26. Rf1 Qd6 27.
Nf5 Qb6 28. Nd4 Bf7 29. Re1 Re8 30. Qh3 c5 31. bxc5 Qxc5 32. Kh1 Qb6 33. b4 Bg6
34. Qd7 Kf8 35. Nf5 Bxf5 36. Qxf5 g6 37. Qf4 Kg7 38. h3 Re5 39. Qd2 Qe6 40. Qd4
Kf7 41. Re3 f5 42. exf5 1-0

[Event "Lichtenberger Sommer 2016"]
[Site "?"]
[Date "2016.08.15"]
[Round "3.46"]
[White "Kornrumpf, Joachim"]
[Black "Lieder, Günter"]
[Result "1-0"]
[WhiteElo "2076"]
[BlackElo "1866"]
[PlyCount "67"]
[EventDate "2016.??.??"]
[WhiteTeam "Preetzer TSV"]
[BlackTeam "SK Turm Bad Hersfeld"]

1. f4 d6 2. Nf3 Nd7 3. e4 e5 4. d4 exd4 5. Qxd4 c5 6. Qd1 Nb6 7. Nc3 Be7 8. a4
Bg4 9. Bb5+ Nd7 10. O-O h5 11. Be3 Nh6 12. h3 Bxf3 13. Qxf3 Kf8 14. Rad1 Rc8
15. Nd5 Nb6 16. e5 Nxd5 17. Rxd5 Nf5 18. exd6 Nxd6 19. Rxc5 Nxb5 20. Rxb5 b6
21. Rxh5 Rxh5 22. Qxh5 Kg8 23. Rd1 Qe8 24. Qf5 Bf6 25. Bf2 Bxb2 26. Rd7 Ra8 27.
Qd5 Rc8 28. Rxa7 Rd8 29. Qf3 b5 30. a5 b4 31. a6 Qa4 32. Ra8 Rxa8 33. Qxa8+ Kh7
34. Qe4+ 1-0

[Event "Lichtenberger Sommer 2016"]
[Site "?"]
[Date "2016.08.15"]
[Round "3.47"]
[White "Prütz, Sigurd"]
[Black "Sabrowski, Uwe"]
[Result "0-1"]
[WhiteElo "1724"]
[BlackElo "2104"]
[PlyCount "74"]
[EventDate "2016.??.??"]
[WhiteTeam "Königsjäger Süd-West"]
[BlackTeam "SC Friesen Lichtenberg"]

1. e4 c5 2. Nf3 Nc6 3. Bb5 e6 4. Bxc6 bxc6 5. c4 Ne7 6. e5 Ng6 7. O-O Be7 8.
Nc3 Qc7 9. Re1 O-O 10. b3 f6 11. exf6 Bxf6 12. Bb2 e5 13. Ne4 d6 14. Nfg5 Bf5
15. Nxh7 Kxh7 16. Qh5+ Kg8 17. Qxf5 Nf4 18. Nxf6+ Rxf6 19. Qc2 Rg6 20. g3 Qd7
21. Re4 Qf5 22. d3 Rf8 23. Rxf4 exf4 24. Qe2 f3 25. Qf1 Rh6 26. Re1 Re6 27.
Rxe6 Qxe6 28. h4 Re8 29. Bc3 Qg4 30. Kh2 Re2 31. a3 Qf5 32. d4 Qc2 33. Be1 Qb1
34. Qh3 Qxe1 35. Qc8+ Re8 36. Qc7 Qxf2+ 37. Kh3 Qe2 0-1

[Event "Lichtenberger Sommer 2016"]
[Site "?"]
[Date "2016.08.15"]
[Round "3.48"]
[White "Schäfer, Heiko"]
[Black "Bandsom, Olaf"]
[Result "0-1"]
[WhiteElo "2078"]
[BlackElo "1812"]
[PlyCount "40"]
[EventDate "2016.??.??"]
[WhiteTeam "Potsdamer SV"]
[BlackTeam "SC Friesen Lichtenberg"]

1. Nf3 Nc6 2. d4 d5 3. c4 Nf6 4. cxd5 Qxd5 5. Nc3 Qa5 6. Bd2 e6 7. e4 Qb6 8.
Bb5 Nxe4 9. Qe2 Nxd2 10. Nxd2 Qxd4 11. Nb3 Qd8 12. O-O Bd6 13. Rad1 O-O 14. Ne4
Qe7 15. Rd3 a6 16. Bxc6 bxc6 17. Nd4 Bb7 18. Qh5 c5 19. Rh3 Bxe4 20. f4 Bg6 0-1

[Event "Lichtenberger Sommer 2016"]
[Site "?"]
[Date "2016.08.15"]
[Round "3.49"]
[White "Grassi, Fabrizio"]
[Black "Wörz, Markus"]
[Result "0-1"]
[WhiteElo "1839"]
[BlackElo "2055"]
[PlyCount "83"]
[EventDate "2016.??.??"]
[WhiteTeam "SV Berlin-Friedrichstadt"]
[BlackTeam "SC Kreuzberg"]

1. d4 Nf6 2. Bf4 c5 3. e3 Qb6 4. Nc3 d6 5. dxc5 Qxc5 6. Nf3 g6 7. Be2 Bg7 8.
O-O O-O 9. Nd4 a6 10. Nb3 Qc7 11. a4 Nc6 12. e4 Na5 13. Nxa5 Qxa5 14. Bc4 Qb4
15. Qd3 Be6 16. Nd5 Nxd5 17. Bxd5 Bxd5 18. Qxd5 Rac8 19. c3 Qb6 20. Qd2 Rc4 21.
Be3 Qc6 22. f3 Rxa4 23. Rxa4 Qxa4 24. Qd5 Qd7 25. Rd1 Qc7 26. Qb3 Rc8 27. Kf2
Qc6 28. Bb6 h5 29. Bd4 Bxd4+ 30. Rxd4 Qc5 31. Kf1 b5 32. Qd1 a5 33. Qd2 Qb6 34.
Ke2 Qc7 35. Qd3 Rb8 36. Qd2 Qc5 37. Kf1 b4 38. cxb4 axb4 39. b3 Ra8 40. Rxb4
Ra1+ 41. Ke2 Qg1 42. Qd4 0-1

[Event "Lichtenberger Sommer 2016"]
[Site "?"]
[Date "2016.08.15"]
[Round "3.50"]
[White "Schnabel, Bennett"]
[Black "Kohlmeyer, Dagobert"]
[Result "1-0"]
[WhiteElo "2044"]
[BlackElo "1877"]
[PlyCount "77"]
[EventDate "2016.??.??"]
[WhiteTeam "SV Mattnetz Berlin"]
[BlackTeam "SC Rochade (Berlin)"]

1. e4 e6 2. d4 d5 3. Nd2 c5 4. Ngf3 Nc6 5. exd5 exd5 6. Bb5 Bd6 7. dxc5 Bxc5 8.
O-O Nge7 9. Nb3 Bb6 10. Re1 O-O 11. c3 a6 12. Bd3 Bf5 13. Be3 Bc7 14. Bxf5 Nxf5
15. Bc5 Bd6 16. Bxd6 Qxd6 17. Qd3 Nfe7 18. Rad1 Rad8 19. Re3 Ng6 20. Qf5 Nce7
21. Qg4 Qc6 22. h4 Qc8 23. Qxc8 Nxc8 24. Nc5 Rd6 25. Nxb7 Rb6 26. Nc5 Rxb2 27.
Nxa6 Rxa2 28. Nb4 Ra4 29. Rxd5 Nf4 30. Rd1 Ne6 31. Nd5 h6 32. g3 Kh7 33. Ne5
Kh8 34. Nxf7+ Rxf7 35. Rxe6 Na7 36. Nf4 Nb5 37. Rd8+ Kh7 38. Ng6 Rf6 39. h5 1-0

[Event "Lichtenberger Sommer 2016"]
[Site "?"]
[Date "2016.08.15"]
[Round "3.51"]
[White "Wolff, Marie Antoinette"]
[Black "Püschel, Werner"]
[Result "0-1"]
[WhiteElo "1770"]
[BlackElo "2028"]
[PlyCount "108"]
[EventDate "2016.??.??"]
[WhiteTeam "Leegebrucher SF"]
[BlackTeam "Lasker Steglitz-Wilmersdorf"]

1. c4 Nf6 2. Nc3 b6 3. Nf3 Bb7 4. g3 g6 5. Bg2 Bg7 6. O-O d6 7. d4 O-O 8. Bf4
Nbd7 9. Qd2 Re8 10. Bh6 Bh8 11. Bh3 Bxf3 12. exf3 e5 13. d5 Nc5 14. Rae1 a5 15.
Ne4 Nfxe4 16. fxe4 Bg7 17. Bxg7 Kxg7 18. f4 Qe7 19. f5 f6 20. Bg4 g5 21. h4
gxh4 22. gxh4 Kh8 23. Kh2 Rg8 24. Rg1 Rg7 25. h5 Rag8 26. Kh3 Rg5 27. Re3 Qf7
28. Qe2 Qg7 29. Reg3 Qh6 30. Kg2 R5g7 31. Kh3 Qf4 32. Re1 Rg5 33. Qg2 h6 34.
Ree3 Rxg4 35. Rxg4 Qxe3+ 36. Kh2 Rxg4 37. Qxg4 Qf4+ 38. Qxf4 exf4 39. Kg2 Nxe4
40. Kf3 Nd2+ 41. Kxf4 Nxc4 42. b3 Na3 43. Ke3 b5 44. Kd3 b4 45. Kd4 Kg8 46. Kd3
Kf8 47. Kd4 Ke8 48. Kd3 Kd8 49. Kd2 Kc8 50. Kd3 Kb7 51. Ke3 Kb6 52. Kd4 Kb5 53.
Kd3 Kc5 54. Ke4 Nb5 0-1

[Event "Lichtenberger Sommer 2016"]
[Site "?"]
[Date "2016.08.15"]
[Round "3.52"]
[White "Goldenstein, Arnd"]
[Black "Casny, Guenter"]
[Result "1-0"]
[WhiteElo "2016"]
[BlackElo "1862"]
[PlyCount "37"]
[EventDate "2016.??.??"]
[WhiteTeam "Klub Kölner SF"]
[BlackTeam "SC Rochade (Berlin)"]

1. d4 d5 2. c4 dxc4 3. Nf3 Nf6 4. e3 e6 5. Bxc4 Bb4+ 6. Nc3 O-O 7. O-O c5 8.
Qe2 a6 9. Rd1 Qc7 10. e4 b5 11. Bd3 c4 12. Bc2 Bb7 13. e5 Nd5 14. Bxh7+ Kh8 15.
Ng5 g6 16. Qg4 Nxc3 17. bxc3 Be7 18. Bxg6 Bxg5 19. Qh5+ 1-0